| 000 | 01402cam a2200337 a 4500 | ||
|---|---|---|---|
| 999 |
_c617 _d617 |
||
| 001 | 00199847 | ||
| 003 | OCoLC | ||
| 005 | 20190904121608.0 | ||
| 008 | 090423m20109999nyua 000 0 eng | ||
| 010 | _a2009015727 | ||
| 020 |
_a9780809094813 _q(pbk., v.1) |
||
| 020 | _a0809094819 (pbk., v.1) | ||
| 035 | _aUM041634 | ||
| 035 | _a(OCoLC)310399412 | ||
| 040 |
_aNTPU _cKH8 |
||
| 042 | _anbic | ||
| 050 | 0 | 0 |
_aHB172 _b.K67 2010 |
| 082 | 0 | _a338 KLE | |
| 100 | 1 | _aKlein, Grady. | |
| 245 | 1 | 4 |
_aThe cartoon introduction to economics : _bmicroeconomics / _cby Grady Klein and Yoram Bauman. |
| 250 | _a1st Edition | ||
| 260 |
_aNew York : _bHill and Wang, _cc2010- |
||
| 300 |
_av. : _bchiefly ill. ; _c26 cm. |
||
| 505 | 1 |
_gv. 1. _tMicroeconomics. |
|
| 520 | 0 | _aAward-winning illustrator Klein has paired up with the economist Bauman to create a clear and humorous introduction to microeconomics. Topics such as supply and demand, decision trees, taxes, auctions, risk investment, game theory, Pareto efficiency, Pareto improvement, marginal analysis, and price elasticity are presented. | |
| 650 | 0 | _aMicroeconomics. | |
| 700 | 1 | _aBauman, Yoram. | |
| 856 | 4 | 2 |
_3Contributor biographical information _uhttp://catdir.loc.gov/catdir/enhancements/fy1101/2009015727-b.html |
| 856 | 4 | 2 |
_3Publisher description _uhttp://catdir.loc.gov/catdir/enhancements/fy1101/2009015727-d.html |
| 942 |
_2ddc _cNFIC |
||